MARC

LEADER 00000nam0a2200000 4500
001 272512
005 20231101234536.0
020 |a RU  |b 87-63983 
035 |a (RuTPU)RU\TPU\book\295719 
090 |a 272512 
100 |a 20141018d1987 km y0rusy5003 ca 
101 0 |a rus 
102 |a RU 
105 |a a z 001zy 
200 1 |a Магнитодиоды, магнитотранзисторы и их применение  |f Г. А. Егиазарян, В. И. Стафеев 
210 |a Москва  |c Радио и связь  |d 1987 
215 |a 89 с.  |c ил. 
225 1 |a Массовая библиотека инженера "Электроника" 
320 |a Библиогр.: с. 86-89 (77 назв.) 
606 1 |a Полупроводниковые приборы  |2 stltpush  |3 (RuTPU)RU\TPU\subj\50669  |9 69320 
610 1 |a магнитодиоды 
610 1 |a гальваномагнитные приборы 
610 1 |a конструкции 
610 1 |a изготовление 
610 1 |a магнитные транзисторы 
610 1 |a применение 
675 |a 621.382  |z rus  |v 3 
700 1 |a Егиазарян  |b Г. А.  |g Герберт Амбарцумович 
701 1 |a Стафеев  |b В. И.  |g Виталий Иванович 
801 0 |a RU  |b RuMRKP  |c 19950417  |g psbo 
801 1 |a RU  |b 63413507  |c 20141018 
801 2 |a RU  |b 63413507  |c 20170316  |g RCR 
942 |c BK